<?xml version="1.0" encoding="UTF-8"?>
<collection xmlns="http://www.loc.gov/MARC21/slim">
 <record>
  <leader>00745nam a22002055a 4500</leader>
  <controlfield tag="001">EUN.um042761</controlfield>
  <controlfield tag="003">AR-BaUNS</controlfield>
  <controlfield tag="005">20050623122913.0</controlfield>
  <controlfield tag="008">041125s1976####it############000#0#spa#d</controlfield>
  <datafield tag="245" ind1="1" ind2="4">
   <subfield code="a">Las necesidades de agua de los cultivos /</subfield>
   <subfield code="c">J. Doorenbos, W.O. Pruitt.</subfield>
  </datafield>
  <datafield tag="260" ind1=" " ind2=" ">
   <subfield code="a">Roma :</subfield>
   <subfield code="b">Organización de las naciones Unidas para la agricultura y la alimentación,</subfield>
   <subfield code="c">1976.</subfield>
  </datafield>
  <datafield tag="300" ind1=" " ind2=" ">
   <subfield code="a">194 p.</subfield>
  </datafield>
  <datafield tag="490" ind1="0" ind2=" ">
   <subfield code="a">Eestudio FAO. Riego y drenaje, 24</subfield>
  </datafield>
  <datafield tag="020" ind1=" " ind2=" ">
   <subfield code="a">9253001364</subfield>
  </datafield>
  <datafield tag="100" ind1="1" ind2=" ">
   <subfield code="a">Doorenbos, J.</subfield>
  </datafield>
  <datafield tag="700" ind1="1" ind2=" ">
   <subfield code="a">Pruitt, W.O.</subfield>
  </datafield>
  <datafield tag="082" ind1="0" ind2="4">
   <subfield code="a">631.7</subfield>
  </datafield>
  <datafield tag="859" ind1=" " ind2=" ">
   <subfield code="a">Ar-BaUNS</subfield>
   <subfield code="b">BIB. CENTRAL - Sector C</subfield>
   <subfield code="h">631.7</subfield>
   <subfield code="i">D721</subfield>
   <subfield code="p">81336/978</subfield>
  </datafield>
  <datafield tag="859" ind1=" " ind2=" ">
   <subfield code="a">Ar-BaUNS</subfield>
   <subfield code="b">Dto. Agronomia</subfield>
   <subfield code="h">631.7</subfield>
   <subfield code="i">D721</subfield>
   <subfield code="p">98485/990</subfield>
   <subfield code="t">Ej.2</subfield>
  </datafield>
  <datafield tag="859" ind1=" " ind2=" ">
   <subfield code="a">Ar-BaUNS</subfield>
   <subfield code="b">Dto. Agronomia</subfield>
   <subfield code="h">631.7</subfield>
   <subfield code="i">D721</subfield>
   <subfield code="p">98486/990</subfield>
   <subfield code="t">Ej.3</subfield>
  </datafield>
 </record>
</collection>
